Reinforced Concrete : Mechanics and Design /

Contenido: Introducción; El proceso de diseño; Materiales; Flexión: conceptos básicos, vigas rectangulares; Flexión: Vigas T, vigas con compresión reforzada y casos especiales; Esfuerzo cortante en vigas; Torsión; Desarrollo, anclaje y empalme del refuerzo; Utilidad; Vigas continuas y loza; Columnas...

Descrizione completa

Salvato in:
Dettagli Bibliografici
Autore principale: MacGregor, James G. (autor)
Altri autori: Wight, James K. (autor) (autor)
Natura: Libro
Lingua:inglese
Pubblicazione: Upper Saddle River, EUA : Pearson : Prentice-Hall, 2005, c2005
Edizione:4a edición
Serie:(Prentice-Hall Civil Engineering and Engineering Mechanics)
Soggetti:
Tags: Aggiungi Tag
Nessun Tag, puoi essere il primo ad aggiungerne!!

MARC

LEADER 00000nam^a2200000^a^4500
001 000189837
005 20250521000000.0
009 20260310102429.163
020 |a 0-13-142994-9 
037 |a Acervo ITESO - Biblioteca 
041 |a ING 
082 |a 624. 18341  |b MAC 
100 |a MacGregor, James G.  |e (autor) 
245 1 0 |a Reinforced Concrete :  |b Mechanics and Design /  |c J.G. MacGregor, J.K. Wight. 
250 |a 4a edición 
264 4 |a Upper Saddle River, EUA :  |b Pearson :  |b Prentice-Hall,  |c 2005, c2005 
300 |a XX, 1132 p. 
336 |a texto  |b txt  |2 rdacontenido 
337 |a sin mediación  |b n  |2 rdamedio 
338 |a volumen  |b nc  |2 rdasoporte 
440 1 |a (Prentice-Hall Civil Engineering and Engineering Mechanics) 
520 |a Contenido: Introducción; El proceso de diseño; Materiales; Flexión: conceptos básicos, vigas rectangulares; Flexión: Vigas T, vigas con compresión reforzada y casos especiales; Esfuerzo cortante en vigas; Torsión; Desarrollo, anclaje y empalme del refuerzo; Utilidad; Vigas continuas y loza; Columnas: carga y flexión axial combinada; Columnas delgadas; Lozas dobles: comportamiento, análisis y método de diseño directo; Método equivalente del marco; Lozas dobles: elásticas, línea de producción y método de análisis de la ranura; Monturas (footings); Esfuerzo cortante y transferencia horizontal de fricción y vigas compuestas de concreto; Regiones discontinuas y modelos puntual y atar (strut-and-tie); Paredes y esfuerzo cortante en paredes; Diseño para resistencia contra sismos. 
649 |a XX 
650 |a Concreto Preesforzado -  |x Tema Principal 
650 |a Materiales de Construcción 
650 |a Estructuras de Concreto 
650 |a Diseño Estructural 
650 |a Construcción 
650 |a Ingeniería Civil 
700 |a Wight, James K.  |e (autor) 
910 |a Fondo General 
920 |a Impresos - Libros 
930 |a Colección General 
905 |a 101 
901 |a 0500132934  |b IT1  |c ACC  |u 20250521 
902 |a https://opac.biblio.iteso.mx/vufind/Record/000189837